000 00325nam a22001337a 4500
003 OSt
008 220507b ||||| |||| 00| 0 eng d
100 _aJUNEJA,N.M.
245 _aHaryana Kesari Pandit Neki Ram Sharma
260 _aHisar
_bModern Publishers
_c2006
300 _a151
650 _aGernal Book
942 _2ddc
_cBK
999 _c11184
_d11184